Complex Hottest Models of all Time (Pictures) Quiz Stats

Quiz not verified by Sporcle

Challenge
Share
Tweet
Score 0/99 Timer 18:00
0 Plays Today
% Correct
Cindy Crawford
69.8%
Twiggy Lawson
67.4%
Naomi Campbell
67.4%
Claudia Schiffer
67.4%
Tyra Banks
65.1%
Iman
62.8%
Heidi Klum
62.8%
Kate Moss
62.8%
Elle Macpherson
60.5%
Jerry Hall
55.8%
Milla Jovovich
55.8%
Kate Upton
55.8%
Cheryl Tiegs
51.2%
Miranda Kerr
51.2%
Rebecca Romijn
44.2%
Adriana Lima
44.2%
Linda Evangelista
41.9%
Lauren Hutton
39.5%
Christy Turlington
39.5%
Gisele Bundchen
39.5%
Brooklyn Decker
37.2%
Marisa Miller
37.2%
Stephanie Seymour
37.2%
Karlie Kloss
34.9%
Irina Shayk
34.9%
Candice Swanepoel
34.9%
Rosie Huntington-Whiteley
34.9%
Helena Christensen
34.9%
Chrissy Teigen
32.6%
Janice Dickinson
30.2%
Rachel Hunter
30.2%
Molly Sims
30.2%
Chanel Iman
30.2%
% Correct
Lara Stone
27.9%
Bar Refaeli
27.9%
Alek Wek
25.6%
Doutzen Kroes
25.6%
Gemma Ward
25.6%
Ana Beatriz Barros
25.6%
Karen Mulder
23.3%
Jourdan Dunn
23.3%
Jessica Gomes
23.3%
Karolina Kurkova
23.3%
Eva Herzigova
23.3%
Alessandra Ambrosio
23.3%
Paulina Porizkova
23.3%
Selita Ebanks
23.3%
Sophie Dahl
20.9%
Cintia Dicker
20.9%
Christie Brinkley
20.9%
Daria Werbowy
18.6%
Liu Wen
18.6%
Coco Rocha
16.3%
Carol Alt
16.3%
Izabel Goulart
16.3%
Freja Beha Ericchsen
14%
Josie Maran
11.6%
Yamila Diaz-Rahi
11.6%
Isabeli Fontana
11.6%
Niki Taylor
11.6%
Gia Carangi
9.3%
Abbey Lee Kershaw
9.3%
Jean Shrimpton
9.3%
Lily Donaldson
9.3%
Jessica Stam
9.3%
Joan Smalls
9.3%
% Correct
Yasmeen Ghauri
7%
Carolyn Murphy
7%
Natalia Vodianova
7%
Amber Valletta
7%
Shalom Harlow
7%
Petra Nemcova
7%
Carmen Kass
4.7%
Dorian Leigh
4.7%
Naomi Sims
4.7%
Daniela Pestova
4.7%
Esti Ginzburg
4.7%
Tatjana Patitz
4.7%
Angela Lindvall
4.7%
Jessica White
4.7%
Fernanda Tavares
4.7%
Raica Oliveira
4.7%
Kristen McMenamy
2.3%
Du Juan
2.3%
Nadja Auermann
2.3%
Donyale Luna
2.3%
Arizona Muse
2.3%
Anja Rubik
2.3%
Anna Bayle
2.3%
Lindsey Wixson
2.3%
Hilary Rhoda
2.3%
Constance Jablonski
2.3%
Crystal Renn
2.3%
Alyssa Miller
2.3%
Erin Wasson
2.3%
http:
2.3%
Veronica Verakova
2.3%
Emanuela De Paula
2.3%
Elsa Benitez
2.3%

You're not logged in!

Compare scores with friends on all Sporcle quizzes.
Join for Free
OR
Log In

You Might Also Like...

Show Comments

Extras

Created Apr 27, 2016ReportNominate
Tags:100, complex, hottest, model

Top Quizzes Today


Score Distribution

Your Account Isn't Verified!

In order to create a playlist on Sporcle, you need to verify the email address you used during registration. Go to your Sporcle Settings to finish the process.

Report this User

Report this user for behavior that violates our Community Guidelines.

Details: